1671 1774 1309 1080 1302 1370 1224 1059 1354 1412 1752 1763 1486 1865 1437 1956 1330 1049 1410 1242 1462 1951 1552 1692 1532 1598 1886 1291 1180 1862 1204 1726 1547 1173 1906 1669 1027 1053 1631 1485 1850 1447 1444 1106 1893 1241 1785 1632 1742 1288 1220 1014 1578 1827 1815 1371 1395 1399 1556 1463 1474 1546 1672 1590 1983 1061 1836 1451 1144 1623 1590 1623 1812 1826 1528 1816 1994 1261 1539 1078 1730 1724 1215 1980 1452 1318 1595 1028 1964 1775 1142 1494 1952 1801 1606 1011 1018 1901 1910 BCNSPRNW ULIB Ver.6.0+V

เปลี่ยนเป็นภาษาไทย

Change to English
 แสดงรายละเอียดบรรณานุกรม
  กลับหน้าหลัก

Brief Record : Get Marc (ISO 2709) : E-mail record : QR code < ปิดหน้าต่าง
LEADER : 00000nam 2200000uu 4500
001    13399114684
003     ULIB
008    110627s2550||||th 000 0 tha d
020    978
090    นว.^bส731น
100 0  สิรินดา
245 00 นิยามรักหัวใจร็อค/^cสิรินดา
250    พิมพ์ครั้งที่ 1
260    กรุงเทพฯ :^bแจ่มใส,^c2550
300    335 หน้า
710 1  แจ่มใส
945    ^p209^l0^i022042
995    ทศพร
999 ^a ใช้งานได้ทุกระบบ
รายการนี้ยังไม่มีแท็ก
คุณยังไม่ได้ล็อกอิน คุณสามารถมีกิจกรรมร่วมกับเว็บไซต์ได้ แต่ต้องล็อกอินก่อน ::
  ล็อกอิน

รายการสื่อสารสนเทศ

ลำดับที่ ประเภท เลขเรียก/บาร์โค้ด สถานที่ สถานะ
1. นวนิยาย
นวนิยาย
นว. ส731น  
  Barcode: 022042
ห้องสมุดวิทยาเขตสวรรค์ประชารักษ์
►นวนิยาย
บนชั้น
  ขอยืม

รายการใกล้เคียง
    ผู้แต่ง [สิรินดา]

BibComment


ยังไม่เคยถูกคอมเมนท์

คอมเมนท์ทรัพยากรรายการนี้
  คอมเมนท์: นิยามรักหัวใจร็อค..


 Copyright 2026. Bcnsprnw @Library